000 00294nam a22001337a 4500
082 _a894.812.3
_bKAT/D
100 _aKATTUPUNAM, RAJU
245 _aPAAVAM PAAVAKUTTY
250 _a1
260 _aKOTTAYAM
_bKAIRALI KOOKS
_c1999
300 _a54
650 _aMALAYALAM SHORT STORY
942 _cBK
999 _c1548
_d1548